Stranger Things Characters - Sudden Death - Statistics

General Stats
  • This quiz has been taken 634 times
  • The average score is 9 of 11
Answers on the Grid
Answers color-coded by a green-red scale on the quiz's grid according to % correct below.
Will Byers
Walter White
Robin Buckley
Rick Grimes
Murray Bauman
Mike Wheeler
Janet Cunningham
Jake Sully
Eddie Munson
Chrissy Cunningham
Chandler Bing
Sheldon Cooper
Max Mayfield
Lucas Sinclair
Cooper Clay
Bronwyn Rojas
Enid Sinclair
Hannah Montana
Dustin Henderson
Nancy Wheeler
Steve Harrington
 
Answer Stats
Answer % Correct
Eddie Munson
85%
Nancy Wheeler
85%
Steve Harrington
85%
Dustin Henderson
84%
Lucas Sinclair
84%
Will Byers
84%
Mike Wheeler
83%
Max Mayfield
82%
Robin Buckley
81%
Chrissy Cunningham
79%
Murray Bauman
76%
No matching quizzes found
Score Distribution
Percent of People with Each Score
Percentile by Number Answered
Your Score History
You have not taken this quiz